000 00947nas a2200301 4500
001 BR2015005507
003 BR-BrBNA
005 20231205125741.0
007 ta
008 230509b bl.|||p| |||| 00| 00por d
040 _aBR-BrBNA
_bpor
_cBiblioteca Nacional de Agricultura
041 _a(Pt)
072 _aM11
100 1 _aNatori, M.M.
100 1 _aSussel, F.R.
100 1 _aSantos, E.C.B. dos
100 1 _aPreviero, T. de C.
100 1 _aViegas, E.M.M.
100 1 _aGameiro, A.H.
245 1 _aDesenvolvimento da carcinicultura marinha no Brasil e no mundo: avanços tecnológicos e desafios
650 _aCARCINICULTURA
650 _aCAMRÃO
650 _aCUSTO
650 _aDESENVOLVIMENTO PESQUEIRO
773 0 _tInformações Econômicas. Instituto de Economia Agrícola (Brazil)
_xISSN 0100-4409
_g(Fev 2011), v. 41(2) p. 61-73
_wBR2015005507
909 _a202311
_bLúcia
_c55
_dLúcia Elande
942 _2AGRIS
_n0
_cANA
999 _c245924
_d245924